000 01202cam a22002174a 4500
005 20250605163606.0
008 250528s ||||||||||||||||||||||||d
035 _a22351
020 _a9789606760662
040 _aGR-AtMCL
_bgre
_dGR-AtMCL
_eAACR2
245 1 _aΓΛΩΣΣΙΚΗ ΑΝΑΠΤΥΞΗ ΚΑΙ ΔΙΑΤΑΡΑΧΕΣ
250 _a1
260 _bΤοπος,
_c2008
300 _a421
505 0 _aΓΛΩΣΣΙΚΗ ΑΝΑΠΤΥΞΗ ΑΝΑΠΤΥΞΗ ΚΑΙ ΟΡΓΑΝΩΣΗ ΤΟΥ ΝΕΥΡΩΝΙΚΟΥ ΜΗΧΑΝΙΣΜΟΥ ΓΙΑ ΤΗΝ ΑΚΟΗ, ΤΗΝ ΟΡΑΣΗ ΚΑΙ ΤΙΣ ΒΑΣΙΚΕΣ ΛΕΙΤΟΥΡΓΙΕΣ Η ΑΝΑΠΤΥΞΗ ΤΗΣ ΑΝΤΙΛΗΨΗΣ ΤΗΣ ΟΜΙΛΙΑΣ ΒΑΡΗΚΟΪΑ-ΚΟΦΩΣΗ ΟΜΙΛΙΑ
520 _aΓΛΩΣΣΙΚΗ ΑΝΑΠΤΥΞΗ ΑΝΑΠΤΥΞΗ ΚΑΙ ΟΡΓΑΝΩΣΗ ΤΟΥ ΝΕΥΡΩΝΙΚΟΥ ΜΗΧΑΝΙΣΜΟΥ ΓΙΑ ΤΗΝ ΑΚΟΗ, ΤΗΝ ΟΡΑΣΗ ΚΑΙ ΤΙΣ ΒΑΣΙΚΕΣ ΛΕΙΤΟΥΡΓΙΕΣ Η ΑΝΑΠΤΥΞΗ ΤΗΣ ΑΝΤΙΛΗΨΗΣ ΤΗΣ ΟΜΙΛΙΑΣ ΒΑΡΗΚΟΪΑ-ΚΟΦΩΣΗ ΟΜΙΛΙΑ
700 1 _aΝικολοπουλος Δημητρης
942 _cBK
999 _c7404
_d7404